Copper compounds in agriculture and industrial microbiology. (Record no. 548518)
[ view plain ]
| 000 -LEADER | |
|---|---|
| fixed length control field | 00552cam a22001811 4500 |
| 082 ## - DEWEY DECIMAL CLASSIFICATION NUMBER | |
| Classification number | 668.651 |
| Author Mark | COP |
| -- | L-17, P-13 |
| 110 2# - MAIN ENTRY--CORPORATE NAME | |
| Corporate name or jurisdiction name as entry element | Copper Development Association. |
| 9 (RLIN) | 40948 |
| 245 00 - TITLE STATEMENT | |
| Title | Copper compounds in agriculture and industrial microbiology. |
| 260 ## - PUBLICATION, DISTRIBUTION, ETC. | |
| Place of publication, distribution, etc. | London |
| Date of publication, distribution, etc. | [1948] |
| 300 ## - PHYSICAL DESCRIPTION | |
| Extent | 117 p. |
| Other physical details | illus. |
| Dimensions | 23 cm. |
| 490 1# - SERIES STATEMENT | |
| Series statement | Its C. D. A. publication |
| 526 ## - STUDY PROGRAM INFORMATION NOTE | |
| Program name | 0 |
| Interest level | 0 |
| Reading level | 0 |
| Title point value | 668_651000000000000_COP |
| 650 #0 - SUBJECT ADDED ENTRY--TOPICAL TERM | |
| Topical term or geographic name entry element | Copper compounds. |
| 9 (RLIN) | 44859 |
| 650 #0 - SUBJECT ADDED ENTRY--TOPICAL TERM | |
| Topical term or geographic name entry element | Fungicides. |
| 9 (RLIN) | 44860 |
| 650 #0 - SUBJECT ADDED ENTRY--TOPICAL TERM | |
| Topical term or geographic name entry element | Insecticides. |
| 9 (RLIN) | 44861 |
| 650 #0 - SUBJECT ADDED ENTRY--TOPICAL TERM | |
| Topical term or geographic name entry element | MCE |
| 9 (RLIN) | 379 |
| 942 ## - ADDED ENTRY ELEMENTS (KOHA) | |
| Source of classification or shelving scheme | |
| Koha item type | Book |
| Withdrawn status | Lost status | Source of classification or shelving scheme | Damaged status | Not for loan | Permanent Location | Current Location | Date acquired | Total Checkouts | Total Renewals | Full call number | Barcode | Date last seen | Date last checked out | Price effective from | Koha item type |
|---|---|---|---|---|---|---|---|---|---|---|---|---|---|---|---|
| Military College of Engineering (MCE) | Military College of Engineering (MCE) | 08/29/2014 | 2 | 1 | 668.651 COP | MCE-36 | 10/10/2016 | 10/10/2016 | 08/29/2014 | Book |
